Construction materials management / (Record no. 1800)

000 -LEADER
fixed length control field 00530 a2200145 4500
020 ## - INTERNATIONAL STANDARD BOOK NUMBER
International Standard Book Number 0824793609 (acid-free paper)
082 ## - DEWEY DECIMAL CLASSIFICATION NUMBER
Classification number 690.687 STU
100 ## - MAIN ENTRY--PERSONAL NAME
Personal name Stukhart, George.
245 ## - TITLE STATEMENT
Title Construction materials management /
Statement of responsibility, etc. George Stukhart ; with a contribution by David Kirby.
260 ## - PUBLICATION, DISTRIBUTION, ETC.
Place of publication, distribution, etc. New York :
Name of publisher, distributor, etc. M. Dekker,
Date of publication, distribution, etc. c1995.
300 ## - PHYSICAL DESCRIPTION
Extent xiv, 328 p. :
Other physical details ill. ;
Dimensions 24 cm.
650 ## - SUBJECT ADDED ENTRY--TOPICAL TERM
Topical term or geographic name entry element Engineering
General subdivision Management.
650 ## - SUBJECT ADDED ENTRY--TOPICAL TERM
Topical term or geographic name entry element Construction industry
General subdivision Materials management.
650 ## - SUBJECT ADDED ENTRY--TOPICAL TERM
Topical term or geographic name entry element Materials management.
830 #0 - SERIES ADDED ENTRY--UNIFORM TITLE
Uniform title Cost engineering (Marcel Dekker, Inc.) ;
Holdings
Withdrawn status Lost status Damaged status Not for loan Permanent Location Current Location Shelving location Date acquired Total Checkouts Full call number Barcode Date last seen Price effective from Koha item type
        School of Civil and Environmental Engineering (SCEE) School of Civil and Environmental Engineering (SCEE)       690.687 STU NIT-2156 01/02/2020 01/05/2017 Book
© 2023 Central Library, National University of Sciences and Technology. All Rights Reserved.